Statistics for Europas monarkier

Click here to take the quiz!

General Stats

  • This quiz has been taken 78 times
  • The average score is 8 of 12

Answer Stats

Land% Correct
Sverige
98%
Danmark
96%
Norge
96%
Storbritannien
96%
Spanien
88%
Nederländerna
81%
Belgien
70%
Monaco
60%
Luxemburg
51%
Andorra
40%
Liechtenstein
35%
Vatikanstaten
25%

Score Distribution

Percentile by Number Answered

Percent of People with Each Score

Your Score History

You have not taken this quiz